000 01485cam a2200361 a 4500
001 EDZ0000159368
003 StDuBDS
005 20161031105238.0
006 m||||||||d||||||||
007 cr |||||||||||
008 130912s1998 caua fo| 001|0|eng|d
020 _a9781483326863 (ebook) :
_cNo price
040 _aStDuBDS
_beng
_cStDuBDS
_epn
049 _aAlfaisal Main Library
050 0 _aHB846.8
_b.Z49 1998
082 0 4 _a153.83
_223
100 1 _aZey, Mary.
245 1 0 _aRational choice theory and organizational theory
_h[electronic resource] :
_ba critique /
_cMary Zey.
260 _aThousand Oaks, Calif. :
_bSAGE,
_c1998.
300 _a1 online resource (xii, 137 p.) :
_bill.
504 _aIncludes bibliographical references and indexes.
520 8 _aThis text addresses a question central to organizational analysis: Given the well-established differences between rational choice and organizational theories, what are the limits of fruitful dialogue and collaboration between the two fields?
521 _aSpecialized.
588 _aDescription based on print version record.
650 0 _aRational choice theory.
650 0 _aEconomic man.
650 0 _aOrganizational sociology.
655 7 _aElectronic books.
_2local
710 2 _aSage eBooks
776 0 8 _iPrint version :
_z9780803951358
856 4 0 _uhttp://ezproxy.alfaisal.edu/login?url=http://sk.sagepub.com/books/rational-choice-theory-and-organizational-theory
942 _2lcc
_cEBOOKS
999 _c482592
_d482592